000 00594nam a22001817a 4500
008 131010b xxu||||| |||| 00| 0 eng d
020 _a0262132605
041 0 _aeng
080 _a159.922.74
100 1 _aMendelson, Morton J.
245 1 0 _aBecoming a brother :
_cMorton J. Mendelson.
260 _aCambridge, Mass. :
_bMIT Press,
_cc1990.
300 _a249 f. :
_bme il. ;
_c24 cm.
490 _a"A Bradford book."
505 _aIncludes bibliographical references (p. [227]-238) and index.
650 0 _2Psikologjia e fëmijës
942 _2udc
_cBK
999 _c84
_d84